Terapia a prevencia závislostí

Autor sa v príspevku venuje závislosti na alkohole a na drogách. Píše o vzniku závislostí, o abstinenčných príznakoch, o detoxikačnej liečbe a o celoživotnej abstinencii závislých ľudí.

Bibliographic Details
Main Author: Čierňava, Róbert (Author)
Format: Article
Language:Slovak

MARC

LEADER 00000nab a2200000 a 4500
001 vtls001513752
003 SK-MaSNL
005 20260304215218.0
008 050227s2003 xo 000 0 slo
035 |a SPKCL16079 
040 |a SPKCL  |b slo  |c SNKBUCL  |d SPK(DB)  |e AACR2 
041 |a slo 
044 |a xo  |c SK 
080 |a 178:613.8  |2 1981 
100 1 |a Čierňava, Róbert  |4 aut  |9 529068 
245 1 0 |a Terapia a prevencia závislostí  |c Róbert Čierňava 
520 |a Autor sa v príspevku venuje závislosti na alkohole a na drogách. Píše o vzniku závislostí, o abstinenčných príznakoch, o detoxikačnej liečbe a o celoživotnej abstinencii závislých ľudí. 
773 1 |t Národná osveta. Kultúra a primárna prevencia závislostí  |g Roč. 13, č. 11 (2003) s. 16-17 
850 |a Slovenská pedagogická knižnica Bratislava 
852 |a SPKCL  |b KIS3GCP  |b 000710000  |n SK 
999 |c 3145331  |d 3147261